NCAA Institutions in Iowa - Statistics

General Stats
  • This quiz has been taken 39 times
  • The average score is 10 of 15
Answer Stats
Conference School Team Name % Correct
Division I Big Ten Iowa Hawkeyes
100%
Division I Big 12 Iowa State Cyclones
100%
Division I Missouri Valley Northern Iowa Panthers
96%
Division I Missouri Valley Drake Bulldogs
93%
Division III American Rivers Central College Dutch
59%
Division III American Rivers Dubuque Spartans
59%
Division III American Rivers Coe Kohawks
56%
Division III American Rivers Luther Norse
56%
Division II Great Lakes Valley Upper Iowa Peacocks
56%
Division III American Rivers Buena Vista Beavers
48%
Division III Midwest Cornell College Rams
48%
Division III Midwest Grinnell Pioneers
48%
Division III American Rivers Loras Duhawks
48%
Division III American Rivers Wartburg Knights
48%
Division III American Rivers Simpson Storm
44%
No matching quizzes found
Score Distribution
Percent of People with Each Score
Percentile by Number Answered
Your Score History
You have not taken this quiz